00497nam a2200205Ia 4500008004100000020001800041050001400059100002200073245004200095245002500137260001500162260001600177260000900193300001500202300002600217300001000243300002300253440000700276500000800283170918s9999 xx 000 0 und d a9780545021333 bS857 2008 aStilton, Geronimo aGeronimo and the gold medal mystery / cby Geronimo Stilton. aNew York : bScholastic, c2008 a87 pages : bcolor illustrations ; c19cm. eGeronimo Stilton ; a33 a810